Culture Générale - Série 2228 - Statistiques

Statistiques générales
  • Ce quiz a été pris 158 fois
  • Le résultat moyen est 6 sur 10
Statistiques - réponses
Question Réponse % Correct
Quel est le plus grand pays d’Amérique du Sud en superficie ? Brésil
95%
Quel est le plus vieux volcan d'Europe en activité ? Etna
92%
Qui a écrit "Madame Bovary" en 1856 ? prénom et nom Gustave Flaubert
75%
Qui a écrit "L'écume des jours" en 1947 ? prénom et nom Boris Vian
74%
Sous quel nom connait-on mieux L'auteur de BD Georges Remi ? Hergé
71%
Qui a écrit "Le portrait de Dorian Gray" ? prénom et nom Oscar Wilde
44%
Qui a écrit "Les faux-monnayeurs" en 1925 ? prénom et nom André Gide
39%
Comment appelle-t-on le symbole celte représenté sur l'image ? triskèle
32%
Quel pays est couvert à 90 % par des déserts ? Libye
30%
Qui a été champion du monde de Formule 1 en 1981, 1983 et 1987 ? prénom et nom Nelson Piquet
14%
Aucun quiz correspondant
Distribution des résultats
% des personnes avec chaque résultat
Percentile par nombre de réponses
Votre historique - résultats
Vous n’avez pas pris ce quiz